2024 AFC Pro Bowl Selections - Statistics

General Stats
  • This quiz has been taken 15 times
  • The average score is 11 of 44
Answer Stats
Position Player % Correct
QB Patrick Mahomes
85%
OLB Josh Hines-Allen
69%
WR Keenan Allen
69%
QB Lamar Jackson
69%
WR Ja'Marr Chase
62%
RB Derrick Henry
54%
OLB TJ Watt
54%
TE Travis Kelce
54%
QB Tua Tagovailoa
46%
WR Tyreek Hill
46%
IL Chris Jones
38%
K Justin Tucker
38%
CB Jalen Ramsey
31%
RB James Cook
31%
IL Quinnen Williams
31%
ILB Roquan Smith
31%
C Creed Humphrey
23%
TE David Njoku
23%
G Joe Thuney
23%
DE Maxx Crosby
23%
FS Minkah Fitzpatrick
23%
C Tyler Linderbaum
23%
P AJ Cole
15%
WR Amari Cooper
15%
CB Patrick Surtain
15%
CB Sauce Gardner
15%
DE Trey Hendrickson
15%
T Dion Dawkins
8%
FS Justin Simmons
8%
OLB Khalil Mack
8%
SS Kyle Hamilton
8%
T Leremy Tunsil
8%
DE Myles Garrett
8%
ILB Patrick Queen
8%
G Quenton Nelson
8%
RB Raheem Mostert
8%
T Terron Armstead
8%
FB Alec Ingold
0%
CB Denzel Ward
0%
G Joel Bitonio
0%
KR Marvin Mims
0%
ST Miles Killebrew
0%
IL Nnamdi Madubike
0%
LS Ross Matiscik
0%
No matching quizzes found
Score Distribution
Percent of People with Each Score
Percentile by Number Answered
Your Score History
You have not taken this quiz